000 00782nam a2200241Ia 4500
003 OSt
005 20220926025952.0
006 a|||||r|||| 00| 0
007 ta
008 220923b |||||||| |||| 00| 0 eng d
037 _cGeneral Book
040 _aRTL
_cRTL
_beng
041 _2eng
_aeng
082 _aX655.1(X).N8, M4
100 _aOman Charles
_9111969
245 0 _aNew forms of international investment in developin
260 _aParis
_bOrganisation for Economic Cooperation and Development
_c1984
300 _a139p.
_ccm.
500 _aOrganisation for Economic Cooperation and Development, Development Centre Publications
650 _aForeign Investment
942 _hX655.1(X).N8, M4
_cGB
_2CC
999 _c648338
_d648338